| 000 | 00574nam a22001577a 4500 | ||
|---|---|---|---|
| 005 | 20251010101133.0 | ||
| 008 | 251010b |||||||| |||| 00| 0 eng d | ||
| 020 | _a9789699739057 | ||
| 040 | _cPK-LaUMT | ||
| 082 |
_a956.015 _bHER-T |
||
| 100 |
_aHeraldliam = ہیرالڈلیم _97542 |
||
| 245 |
_aTareekh i sultnat i Usmania = تاریخ سلطنت عثمانیہ : _bSuleman Aleshan (1494-1566) = (سلیمان علیشان (1494-1566 / _cby Heraldliam = ہیرالڈلیم |
||
| 260 |
_aLahore : _bJumhoori Publications, _c2012 |
||
| 300 | _a352 p. | ||
| 942 | _cBK | ||
| 999 |
_c138831 _d138831 |
||